Mujeres y educación superior: cuestiones y perspectivas
Guardat en:
| Autor corporatiu: | |
|---|---|
| Format: | Llibre |
| Idioma: | espanyol |
| Publicat: |
París
Unesco
1998
|
| Matèries: | |
| Etiquetes: |
Afegir etiqueta
Sense etiquetes, Sigues el primer a etiquetar aquest registre!
|
MARC
| LEADER | 00000nam a2200000 a 4500 | ||
|---|---|---|---|
| 001 | UCO0045 | ||
| 003 | CL-VaPUC | ||
| 008 | 000407e19980000FR |||||||||||||||||spa|d | ||
| 082 | 0 | 4 | |a 378.0082 |b UNE |2 21 |
| 110 | 2 | |a UNESCO |e author |9 441005 | |
| 245 | 1 | 0 | |a Mujeres y educación superior: cuestiones y perspectivas |
| 300 | |a 19 p | ||
| 942 | |c BK | ||
| 945 | |d 20000407 00:00:00 |a rbrito | ||
| 260 | |a París |b Unesco |c 1998 | ||
| 650 | 0 | |a Educación superior |9 223851 | |
| 650 | 7 | |a MUJERES UNIVERSITARIAS |2 CL-VaPUC |9 441006 | |
| 650 | 0 | |a Democratización de la educación |9 307986 | |
| 583 | |a last modification |c 20000407 00:00:00 |k Rodrigo Vera | ||
| 999 | |c 286769 |d 286767 | ||
| 952 | |0 0 |1 0 |4 0 |6 378_008200000000000_UNE_1998 |7 0 |8 P |9 332890 |a BIBEDU |b BIBEDU |c BIBEDU_PB |d 2019-11-20 |i 3611485 |o 378.0082 UNE 1998 |p 3611485 |r 2024-01-25 |w 2019-11-20 |y BK |k BME | ||